Statistics for Choose the odd country out

Click here to take the quiz!

General Stats

  • This quiz has been taken 79 times
    (62 since last reset)
  • The average score is 34 of 45

Answer Stats

QuestionTileSelect% Correct
Which of these is the odd country out?AustraliaNo
94%
Which of these is the odd country out?BelgiumNo
94%
Which of these is the odd country out?ItalyNo
92%
Which of these is the odd country out?New zealandNo
92%
Which of these is the odd country out?ArgentinaNo
90%
Which of these is the odd country out?ChileNo
90%
Which of these is the odd country out?FranceNo
88%
Which of these is the odd country out?GermanyNo
88%
Which of these is the odd country out?SpainNo
88%
Which of these is the odd country out?AngolaNo
87%
Which of these is the odd country out?NetherlandsNo
87%
Which of these is the odd country out?ComorosNo
85%
Which of these is the odd country out?LesothoNo
85%
Which of these is the odd country out?Papua New-GuineaNo
85%
Which of these is the odd country out?Sao Tome and PrincipeNo
85%
Which of these is the odd country out? (Hard)BelgiumNo
83%
Which of these is the odd country out?MauritiusNo
83%
Which of these is the odd country out?PortugalNo
83%
Which of these is the odd country out?CanadaNo
81%
Which of these is the odd country out?Cape VerdeNo
81%
Which of these is the odd country out?ColombiaNo
81%
Which of these is the odd country out? (Hard)FranceNo
81%
Which of these is the odd country out?MauritaniaNo
81%
Which of these is the odd country out? (Hard)DenmarkNo
79%
Which of these is the odd country out? (Hard)NetherlandsNo
79%
Which of these is the odd country out?PalauNo
79%
Which of these is the odd country out?PanamaNo
79%
Which of these is the odd country out?SeychellesNo
79%
Which of these is the odd country out?MoroccoNo
77%
Which of these is the odd country out?HaitiNo
75%
Which of these is the odd country out?NauruNo
75%
Which of these is the odd country out? (Hard)AustriaNo
73%
Which of these is the odd country out?United states of AmericaNo
73%
Which of these is the odd country out?LuxembourgNo
71%
Which of these is the odd country out?PeruNo
71%
Which of these is the odd country out?Sierra LeoneNo
71%
Which of these is the odd country out? (Hard)PolandNo
69%
Which of these is the odd country out?SwazilandNo
69%
Which of these is the odd country out? (Hard)ItalyNo
65%
Which of these is the odd country out? (Hard)NorwayNo
65%
Which of these is the odd country out?HawaiiYes
62%
Which of these is the odd country out?SwitzerlandYes
44%
Which of these is the odd country out?NigeriaYes
27%
Which of these is the odd country out?AlgeriaYes
23%
Which of these is the odd country out? (Hard)SwedenYes
8%

Score Distribution

Percentile by Number Answered

Percent of People with Each Score

Your Score History

You have not taken this quiz since the last reset